00381 2200157 4500001002100000005001500021035002000036245004000056100001700096300002600113260002800139082000800167084001400175020002200189990001200211INLIS00000000000295720250917015032 a0010-09250003041 aMy Heart Is Beating /cKarumi Iyagi0 aKarumi Iyagi a267 hlm ;c13 x 19 cm aJakarta :bZettu,c2012 a813 a813 KAR m a978-602-1982-97-6 a0755676